Umgade onguBilly / (Record no. 788685)

MARC details
000 -LEADER
fixed length control field 00633nam a22002057b 4500
003 - CONTROL NUMBER IDENTIFIER
control field 3228
005 - DATE AND TIME OF LATEST TRANSACTION
control field 20251106125101.0
008 - FIXED-LENGTH DATA ELEMENTS--GENERAL INFORMATION
fixed length control field 251106b sa ||||| |||| 00| 0 eng d
020 ## - INTERNATIONAL STANDARD BOOK NUMBER
International Standard Book Number 9781779802583(paperback)
040 ## - CATALOGING SOURCE
Language of cataloging English
Transcribing agency 3228
Description conventions rda
041 ## - LANGUAGE CODE
Language code of text/sound track or separate title IsiNdebele
082 #0 - DEWEY DECIMAL CLASSIFICATION NUMBER
Classification number NDE KF NAID
100 ## - MAIN ENTRY--PERSONAL NAME
9 (RLIN) 197551
Personal name Naidoo, Ansu
245 ## - TITLE STATEMENT
Title Umgade onguBilly /
Statement of responsibility, etc. Sponono Mahlangu
260 ## - PUBLICATION, DISTRIBUTION, ETC.
Place of publication, distribution, etc. Centurion, Randjes Park :
Name of publisher, distributor, etc. Qualibooks Publishing,
Date of publication, distribution, etc. 2022.
300 ## - PHYSICAL DESCRIPTION
Extent 8 pages :
Other physical details Illustrations, colour ;
Dimensions 21 cm
521 ## - TARGET AUDIENCE NOTE
Target audience note Kids
700 ## - ADDED ENTRY--PERSONAL NAME
9 (RLIN) 197552
Personal name Kiarra Kruger
Relator term Illustrator
942 ## - ADDED ENTRY ELEMENTS
Source of classification or shelving scheme Dewey Decimal Classification
item type Book
Classification part NDE KF NAID
-- 166
-- Thoko Moyakene
-- 166
-- Thoko Moyakene
Holdings
Withdrawn status Lost status Source of classification or shelving scheme Damaged status Not for loan Collection code Home library Current library Shelving location Date acquired Total Checkouts Full call number Barcode Date last seen Price effective from item type
    Dewey Decimal Classification     Fiction KWAMHLANGA REGIONAL LIBRARY ZITHABISENI(BOEKENHOETHOEK) Children's Area 06.11.2025   NDE KF NAID 33228031083779 06.11.2025 06.11.2025 Book